Proyecto Mejoramiento de la productividad y desarrollo del área de secano interior, zona centro norte, V región
Salvato in:
| Ente Autore: | |
|---|---|
| Natura: | Libro |
| Lingua: | spagnolo |
| Pubblicazione: |
Quillota
UCV
1983
|
| Soggetti: | |
| Tags: |
Aggiungi Tag
Nessun Tag, puoi essere il primo ad aggiungerne!!
|
MARC
| LEADER | 00000nam a2200000 a 4500 | ||
|---|---|---|---|
| 001 | UCM0612 | ||
| 003 | CL-VaPUC | ||
| 008 | 020301e19830000CL |||||||||||||||||spa|d | ||
| 082 | 0 | 4 | |a 631.5 |b UNI |2 21 |
| 110 | 2 | |a Universidad Católica de Valparaíso. Facultad de Agronomía |e author |9 467531 | |
| 245 | 1 | 0 | |a Proyecto Mejoramiento de la productividad y desarrollo del área de secano interior, zona centro norte, V región |
| 300 | |a v | ||
| 942 | |c BK | ||
| 945 | |d 20020301 00:00:00 |a cmena | ||
| 260 | |a Quillota |b UCV |c 1983 | ||
| 650 | 0 | |a Agricultura |9 255598 | |
| 650 | 0 | |a Investigación científica |9 259857 | |
| 650 | 0 | |a Productividad |9 335972 | |
| 650 | 0 | |a Cultivo |9 264268 | |
| 651 | 0 | |a Región 05 |9 267528 | |
| 651 | 7 | |a CHILE |2 CL-VaPUC |9 467532 | |
| 583 | |a last modification |c 20180514 10:19:38 |k Rodrigo Vera | ||
| 999 | |c 299495 |d 299493 | ||